| Tag |
First Indicator |
Second Indicator |
Subfields |
| LEADER |
00000cam a2200000 a 4500 |
| 001 |
in00000748024 |
| 005 |
20151016162129.0 |
| 007 |
hd afa014baca |
| 008 |
760414s1852 ctu a 00001 eng d |
| 035 |
|
|
|a (OCoLC)02112568
|
| 035 |
|
|
|9 ADJ2845AM
|
| 040 |
|
|
|a JNA
|c JNA
|d m.c.
|d OCL
|d UtOrBLW
|
| 049 |
|
|
|a TXAI
|
| 090 |
|
|
|a PS15
|
| 099 |
|
|
|a film
|a B
|a 1551
|
| 100 |
1 |
|
|a Simms, William Gilmore,
|d 1806-1870.
|
| 245 |
1 |
0 |
|a As good as a comedy, or, The Tennessean's story /
|c by an editor.
|
| 264 |
|
1 |
|a Philadelphia :
|b A. Hart,
|c 1852.
|
| 300 |
|
|
|a 251 pages
|
| 336 |
|
|
|a text
|b txt
|2 rdacontent
|
| 337 |
|
|
|a microform
|b h
|2 rdamedia
|
| 338 |
|
|
|a microfilm reel
|b hd
|2 rdacarrier
|
| 533 |
|
|
|a Microfilm.
|b Woodbridge, Conn. :
|c Research Publications,
|d 1970-1978.
|e 1 microfilm reel ; 35 mm.
|f (Wright American fiction ; v. 2 (1851-1875), Reel S-12, no. 2220)
|
| 500 |
|
|
|a Microform.
|
| 999 |
|
|
|a MARS
|
| 999 |
f |
f |
|s 0bb8fa5c-02bb-3d0b-ad89-3a98bd08873d
|i 02092716-957f-3537-9b7a-42353739f268
|t 0
|
| 952 |
f |
f |
|p default
|a Texas A&M University
|b College Station
|c Sterling C. Evans Library
|d Evans: Microforms (3rd floor)
|t 0
|e film B 1551 v.2 reel S-12 no.2220
|h Other scheme
|i microform -- microfilm reel
|
| 998 |
f |
f |
|a film B 1551 v.2 reel S-12 no.2220
|t 0
|l Evans: Microforms (3rd floor)
|